Statystyki dla Najmniejsze PKB w Azji

Kliknij tutaj aby rozwiązać quiz!

Ogólne statystyki

  • Ten quiz został rozwiązany 38 razy
  • Średni wynik to 8 z 10

Statystyki odpowiedzi

PKBKraj% Poprawnych
8 093 000 000 USDKirgistan
84%
7 523 000 000 USDTadżykistan
84%
2 447 000 000 USDBhutan
82%
13 070 000 000 USDMongolia
79%
12 430 000 000 USDArmenia
74%
17 95 000 000 USDLaos
74%
2 581 000 000 USDTimor Wschodni
74%
13 570 000 000 USDBrunei
71%
5 327 000 000 USDMalediwy
71%
17 600 000 000 USDGruzja
68%

Rozkład punktacji

Percentyl według liczby udzielonych odpowiedzi

Procent ludzi z każdym wynikiem

Twoja historia wyników

Nie rozwiązałeś tego quizu